000 00534nam a2200181Ia 4500
008 151202s9999||||xx |||||||||||||| ||und||
082 _bPNVM-30353
100 _aकुलकर्णी भीमराव.
245 _aसंभाषणकला.
260 _b---
260 _c0
300 _a0
600 _aकुलकर्णी भीमराव.
630 _aसंभाषणकला.
700 _aकुलकर्णी भीमराव.
730 _aसंभाषणकला.
942 _cBOOK
999 _c1296316
_d1296313